Central Library OPAC University of Rajshahi

The origins of the Paraguayan War / (Record no. 27944)

MARC details
000 -LEADER
fixed length control field 00835cam a22002651 4500
001 - CONTROL NUMBER
control field 27944
003 - CONTROL NUMBER IDENTIFIER
rucl marc code BD-RjUL
005 - DATE AND TIME OF LATEST TRANSACTION
control field 20211209051224.0
008 - FIXED-LENGTH DATA ELEMENTS--GENERAL INFORMATION
fixed length control field 140329r19671930nyub b 001 0 eng d
035 ## - SYSTEM CONTROL NUMBER
System control number (BD-RjUL) 28025
System control number (OCoLC)485426
040 ## - CATALOGING SOURCE
Original cataloging agency DLC
Transcribing agency ODaWU
Modifying agency OCoLC
-- DLC
-- BD-RjUL
Language of cataloging eng
041 ## - LANGUAGE CODE
Language code of text/sound track or separate title eng
082 00 - DEWEY DECIMAL CLASSIFICATION NUMBER
Classification number 989.205
Author mark and year BOO 1967
100 1# - MAIN ENTRY--PERSONAL NAME
Personal name Box, Pelham Horton,
Dates associated with a name 1898-1937.
9 (RLIN) 85714
245 14 - TITLE STATEMENT
Title The origins of the Paraguayan War /
Statement of responsibility, etc. Pelham Horton Box.
260 ## - PUBLICATION, DISTRIBUTION, ETC. (IMPRINT)
Place of publication, distribution, etc. New York ;
Name of publisher, distributor, etc. Russell & Russell,
Date of publication, distribution, etc. 1930 [Reissed1967]
300 ## - PHYSICAL DESCRIPTION
Pagination 345 p. :
Illustrations ill. ;
Size 22 cm.
500 ## - GENERAL NOTE
General note Reprint of a thesis, University of Illinois, 1927.
504 ## - BIBLIOGRAPHY, ETC. NOTE
Bibliography, etc Bibliography: p. 300-326. and Index
650 #0 - SUBJECT ADDED ENTRY--TOPICAL TERM
Topical term or geographic name as entry element Paraguayan War, 1865-1870.
9 (RLIN) 85715
942 ## - ADDED ENTRY ELEMENTS (KOHA)
Source of classification or shelving scheme Dewey Decimal Classification
Koha item type Books
Holdings
Lost status Source of classification or shelving scheme Damaged status Not for loan Collection code Permanent Location Current Location Shelving location Date acquired Source of acquisition Total Checkouts Full call number Date last seen Copy number Koha item type
  Dewey Decimal Classification     Non-fiction Central Library, University of Rajshahi Central Library, University of Rajshahi   07/07/1994 Asia Fundation Gift   989.205 BOO 1967 29/03/2014 C-4 Books